| 000 | 00561nam a22001937a 4500 | ||
|---|---|---|---|
| 005 | 20221220150029.0 | ||
| 008 | 221220b ||||| |||| 00| 0 eng d | ||
| 020 | _a155523724X | ||
| 040 | _cAL | ||
| 041 | _aEnglish | ||
| 082 |
_223 _a297.0973 _bYASI |
||
| 100 |
_a Imam Abdallah Yasin _967028 |
||
| 245 | _aIslamicizing America | ||
| 260 |
_aNashville _bJames C Winston Publishing Company INC _c1996 |
||
| 300 |
_a118 p. _bPB _c23x15 cm. |
||
| 650 |
_aIslam--United States--Miscellanea _967029 |
||
| 700 |
_aYASIN (Imam Abdallah) _967030 |
||
| 942 |
_2ddc _cDB |
||
| 999 |
_c225965 _d225965 |
||